000 01048cam a2200277 a 4500
001 000014349
005 20200929163602.0
008 930415r19921959sp 000 0 spa
020 _a8479061790
040 _aDO-SdBNP
_cDLC
_dDLC
043 _ae-sp---
082 _a320.946
_bM178g
100 1 _aMadariaga, Salvador de,
_d1886-1978
_932386
245 1 0 _aGeneral, márchese usted /
_cSalvador de Madariaga.
260 _aMadrid :
_bGrupo Libro 88,
_c1992.
300 _a296 p. ;
_c21 cm.
490 1 _aTestimonio de una epoca
500 _aOriginalmente publicado: Nueva York: Ediciones Ibérica, 1959.
500 _a"La Colección de crónicas aquí reunidas se radiaron por la Radiodifusión Francesa a España en los años 54-57" - P. 7.
651 4 _aEspaña
_xPolítica Y Gobierno
_y1939-1975
_918892
651 4 _aEspaña
_xCondiciones Sociales
_y1939-1975
_932387
600 1 0 _aFRANCO, FRANCISCO,
_d1892-1975
_xANECDOTAS.
_932388
830 0 _aTestimonio de una epoca ;
_932389
910 _aCatalogación por copia/LC
049 _aBNGR
999 _c13941
_d13941